000 01757nam a2200253Ia 4500
003 OSt
005 20210909125630.0
008 210310s1993 ck ad fr 000 0 spa d
020 _a9580400458
040 _aCO-JMCR
_cCO-JMCR
041 0 _aspa
082 0 4 _a330.9861 /
_bA662e3
_223
100 1 _aArango Londoño, Gilberto,
_917587
_eautor
245 1 0 _aEstructura económica colombiana /
_cGilberto Arango Londoño
250 _aSéptima edición renovada y actualizada
260 _aBogotá :
_bUniversidad Javeriana,
_c1993
300 _a498 páginas :
_bilustraciones y gráficas a blanco y negro ;
_c23 cm.
490 0 _aColección profesores ;
_v12
500 _aIncluye notas a pie de página y fotografía del autor.
505 0 _aConceptos básicos -- Aspectos de la situación demográfica colombiana -- La estructura agraria -- La producción agropecuaria -- El café -- Recursos naturales: sector energético -- Recursos naturales: sector minero -- El sector manufacturero -- Sector de servicios: comercio, transportes y comunicaciones -- El comercio exterior y el control de cambios en Colombia -- Modernización de la economía. El arancel aduanero-sistema cambiario -- Deuda externa. Entidades financieras de crédito -- Las inversiones extranjeras en Colombia -- La integración económica Latinoamericana y el Grupo Andino -- El ahorro Nacional -- El sector financiero -- El Banco de la República -- El presupuesto nacional -- Inflación, salarios y control de precios -- Economía informal y subterránea -- El problema de vivienda -- El problema educacional -- La salud -- La planeación económica
651 2 _aColombia
_xCondiciones económicas
_97526
651 2 _aColombia
_xPolítica económica
_96872
942 _2ddc
_cBK
999 _c8546
_d8546